[Event "Paris-ch op-B 87th"]
[Site "Paris"]
[Date "2012.07.09"]
[Round "3"]
[White "Pachon, Bernard"]
[Black "Maubert, Nicolas"]
[Result "1-0"]
[WhiteElo "1814"]
[BlackElo "2010"]
[PlyCount "57"]
[EventDate "2012.07.07"]
[EventType "swiss"]
[EventRounds "9"]
[EventCountry "FRA"]
[SourceTitle "EXT 2013"]
[Source "ChessBase"]
[SourceDate "2012.11.22"]
[SourceVersion "1"]
[SourceVersionDate "2012.11.22"]
[SourceQuality "1"]

1. d4 Nf6 2. Nf3 d5 3. e3 c5 4. c4 e6 5. cxd5 Nxd5 6. Bb5+ Bd7 7. Bxd7+ Nxd7 8. e4 Qa5+ 9. Bd2 Nb4 10. 0-0 cxd4 11. Nxd4 Qb6 12. Bc3 Nc6 13. Nxc6 Qxc6 14. Nd2 Nf6 15. Rc1 Qa6 16. Bxf6 gxf6 17. Qb3 Be7 18. Rc4 0-0 19. Rfc1 Bd6 20. Nf3 Qb6 21. Qc2 Kh8 22. Qe2 Rg8 23. e5 Be7 24. Rc7 Rge8 25. exf6 Bxf6 26. Ne5 Bxe5 27. Qxe5+ Kg8 28. Qg5+ Kf8 29. Qf6 1-0

[Event "EU-ch 12th"]
[Site "Aix les Bains"]
[Date "2011.04.01"]
[Round "10"]
[White "Jadrijevic, Ante"]
[Black "Maubert, Nicolas"]
[Result "1-0"]
[WhiteElo "2247"]
[BlackElo "2034"]
[PlyCount "33"]
[EventDate "2011.03.22"]
[EventType "swiss"]
[EventRounds "11"]
[EventCountry "FRA"]
[SourceTitle "CBM 142 Extra"]
[Source "ChessBase"]
[SourceDate "2011.06.27"]
[SourceVersion "1"]
[SourceVersionDate "2011.06.27"]
[SourceQuality "1"]

1. d4 Nf6 2. c3 e6 3. Nd2 d5 4. Ngf3 c5 5. e3 Nbd7 6. Bd3 Bd6 7. 0-0 0-0 8. Re1 h6 9. e4 dxe4 10. Nxe4 Nxe4 11. Rxe4 Nf6 12. Rh4 b6 13. Bxh6 gxh6 14. Qd2 h5 15. Qg5+ Kh8 16. Rxh5+ Nxh5 17. Qh6+ 1-0

[Event "FRA-chT2 1011"]
[Site "France"]
[Date "2010.11.14"]
[Round "3.7"]
[White "Salaun, Nicolas"]
[Black "Maubert, Nicolas"]
[Result "0-1"]
[WhiteElo "2113"]
[BlackElo "2041"]
[PlyCount "92"]
[EventDate "2010.10.17"]
[EventType "team-tourn"]
[EventRounds "11"]
[EventCountry "FRA"]
[SourceTitle "EXT 2012"]
[Source "ChessBase"]
[SourceDate "2011.11.24"]
[SourceVersion "1"]
[SourceVersionDate "2011.11.24"]
[SourceQuality "1"]

1. d4 Nf6 2. c4 e6 3. Nf3 d5 4. Nc3 Be7 5. cxd5 exd5 6. Bg5 c6 7. Qc2 0-0 8. e3 Nbd7 9. Bd3 Re8 10. h3 Nf8 11. 0-0 Ng6 12. Rab1 Bd6 13. b4 a6 14. a4 h6 15. Bxg6 fxg6 16. Bf4 Bf5 17. Qd2 Bxb1 18. Rxb1 Ne4 19. Qd3 Bxf4 20. exf4 Qf6 21. Ne2 Qf5 22. Ne5 Nd6 23. Qd1 Nc4 24. Rc1 Nxe5 25. fxe5 Rf8 26. f3 Qg5 27. Rc3 Qe7 28. Qb3 Kh7 29. f4 Qh4 30. Qb1 Qe7 31. Rf3 a5 32. bxa5 Rxa5 33. f5 Rxa4 34. fxg6+ Kg8 35. Rxf8+ Kxf8 36. Qf5+ Kg8 37. Qc8+ Qf8 38. Qe6+ Kh8 39. Qf7 Ra1+ 40. Kf2 Ra8 41. Nf4 b5 42. e6 b4 43. e7 Qg8 44. Nd3 b3 45. g4 Qb8 46. Ke1 Qg3+ 0-1